In Extremo - Wolkenschieber Lyrics Quiz - Statistiken

Allgemein
  • Dieses Quiz wurde 6 mal gespielt
  • Das Durchschnittsergebnis liegt bei 178 aus 208
Antwortstatistiken
Antwort % Korrekt
besorgen
100%
Der
100%
der
100%
die
100%
Die
100%
doch
100%
ein
100%
Ein
100%
Glas
100%
Harter
100%
ist
100%
kann
100%
lieber
100%
mir
100%
nichts
100%
noch
100%
Nun
100%
Stirn
100%
und
100%
Und
100%
vom
100%
von
100%
Wer
100%
Wolke
100%
Wolken
100%
Wolkenschieber
100%
Zwei
100%
zwei
100%
auf
83%
Bei
83%
Beine
83%
das
83%
den
83%
einen
83%
gefunden
83%
Gehirn
83%
hab
83%
Hab
83%
Hilft
83%
Ich
83%
ich
83%
jedem
83%
Komm
83%
Magen
83%
Manne
83%
Reise
83%
Rücken
83%
schiebt
83%
Sorgen
83%
Stärkt
83%
Tobak
83%
Trank
83%
trink
83%
Vertreibt
83%
wieder
83%
allerschwerste
67%
endlich
67%
Geist
67%
gesunden
67%
Gicht
67%
in
67%
lässt
67%
meine
67%
Mensch
67%
nach
67%
neulich
67%
Not
67%
nur
67%
Regen
67%
Rezept
67%
Schwermut
67%
Speise
67%
Stunden
67%
Tod
67%
Unmut
67%
Verdaut
67%
Vertreibt
67%
wartet
67%
Wunderheilung
67%
zur
67%
Alles
50%
dass
50%
erfunden
50%
ganz
50%
höchster
50%
Im
50%
im
50%
klar
50%
Licht
50%
macht
50%
schützt
50%
Ungetrübt
50%
vor
50%
Bette
33%
drei
33%
lacht
33%
Fieberkrampf
17%
Gläschen
17%
liegt
17%
sinnenschweren
17%
Überlkeit
17%
Keine übereinstimmenden Quizze gefunden
Verteilung der Resultate
Anzahl Personen mit jedem Resultat
Perzentil nach korrekt beantworteten Fragen
Ihre Resultats-Entwicklung
Sie haben dieses Quiz noch nicht gespielt